Attracties in Nederland - Statistieken

Algemene statistieken
  • Deze quiz is 65 keer genomen
  • De gemiddelde score is 8 van 16
Antwoordstatistieken
Foto Antwoord % Correct
Artis
81%
Efteling
77%
Diergaarde Blijdorp
72%
Ouwehands Dierenpark
64%
Burgers'Zoo
62%
Walibi Holland
62%
Toverland
60%
Rijksmuseum
57%
Apenheul
51%
Julianatoren
43%
Avifauna
40%
Madurodam
38%
Openluchtmuseum
32%
GaiaZoo
30%
ZuiderZeeMuseum
30%
Aviodrome
19%
Geen overeenkomende quizzen gevonden
Scoreverdeling
Procent van Mensen met Elke Score
Percentiel versus Aantal Correcte Antwoorden
Uw Scoregeschiedenis
U heeft deze quiz nog niet genomen